000 01039cam a2200337Mi 4500
001 93439
005 20230410132922.0
008 020501s19779999sp 001 0 spa d
035 _a(OCoLC)ocn639052257
040 _aESUDE
_bspa
_cESUDE
_dESLEO
019 _a633892541
020 _a8424935187
020 _a9788424935184
035 _a(OCoLC)639052257
_z(OCoLC)633892541
050 1 4 _aB 171
_bB582 1977
049 _aGRAL
100 0 _aAristóteles,
_d384-322 a. C.
130 1 _aBiblioteca Clásica Gredos.
245 1 0 _aAcerca del alma /
_cAristóteles ; introducción, traducción y notas de Tomás Calvo Martínez.
260 _aMadrid :
_bGredos,
_c1977
300 _a262 p. ;
_c20 cm.
440 0 _aBiblioteca clásica Gredos ;
_vn.14
650 0 _aPhilosophy, Classical.
650 0 _aPhilosophy, Ancient.
650 0 _aPhilosophers, Ancient
_xBiography
700 1 _aCalvo Martínez, Tomás,
_etr.
830 0 _aBiblioteca clásica Gredos ;
_v14.
942 _2lcc
_cbk
946 _amjcruz
994 _aC0
_bDRFGD
999 _c90176
_d90176